000
00324nam a22001337a 4500
003
SGT
082
_a
646.7
_b
JAI
100
_a
JAIN, MAYUR S.
245
_a
A TEXTBOOK OF COSMETIC AND COSMECEUTICALS
260
_a
INDIA
_b
S. VIKASH PUB.
_c
2020
300
_a
134
650
_a
COSMETIC AND COSMECEUTICALS
942
_2
ddc
_c
BK
999
_c
32497
_d
32497